Introduction to automata theory, languages and computation (Record no. 273715)

MARC details
000 -LEADER
fixed length control field 00541nam a2200181Ia 4500
005 - DATE AND TIME OF LATEST TRANSACTION
control field 20240625141847.0
008 - FIXED-LENGTH DATA ELEMENTS--GENERAL INFORMATION
fixed length control field 240126s9999 xx 000 0 und d
020 ## - INTERNATIONAL STANDARD BOOK NUMBER
International Standard Book Number 9788131720479
082 ## - DEWEY DECIMAL CLASSIFICATION NUMBER
Classification number 001.6424 HOP;1 R
100 ## - MAIN ENTRY--PERSONAL NAME
Personal name Hopcroft, John E. Motwani, Rajeev. Ullman, Jeffrey D.
245 #0 - TITLE STATEMENT
Title Introduction to automata theory, languages and computation
250 ## - EDITION STATEMENT
Edition statement 3rd ed.
260 ## - PUBLICATION, DISTRIBUTION, ETC. (IMPRINT)
Name of publisher, distributor, etc. Dorling kindersley
Place of publication, distribution, etc. Noida
Date of publication, distribution, etc. 2008
300 ## - PHYSICAL DESCRIPTION
Extent xvi, 487
440 ## - SERIES STATEMENT/ADDED ENTRY--TITLE
Title NULL
650 ## - SUBJECT ADDED ENTRY--TOPICAL TERM
Topical term or geographic name as entry element automata,theory,,languages,computation
942 ## - ADDED ENTRY ELEMENTS (KOHA)
Koha item type PESU Books
Holdings
Date last seen Total Checkouts Total Renewals Full call number Accession number Old discount Volume/Issue Number Date checked out Cost, replacement price Price effective from Category Lost status Damaged status Department Withdrawn status bill no. Permanent Location Current Location Shelving location Entry date Vendor Cost, normal purchase price Grants Currency symbol Conversion rate Discount Discount type
26/01/2024     001.6424 HOP;2 R1 PU2301 30 (30/06/1905)   489.30 26/01/2024 PESU Books     Central Library   R-041 Central Library Central Library Central Library 25/11/2014 Royal Biblioman 699.00 CS RS 1 209.7 Rupees
29/08/2024 1   001.6424 HOP;3 PU2302 30 (30/06/1905) 13/08/2024 489.30 26/01/2024 PESU Books     Central Library   R-041 Central Library Central Library Central Library 25/11/2014 Royal Biblioman 699.00 CS RS 1 209.7 Rupees
26/01/2024     001.6424 HOP;4 PU2303 30 (30/06/1905)   489.30 26/01/2024 PESU Books     Central Library   R-041 Central Library Central Library Central Library 25/11/2014 Royal Biblioman 699.00 CS RS 1 209.7 Rupees
26/01/2024     001.6424 HOP;5 PU2304 30 (30/06/1905)   489.30 26/01/2024 PESU Books     Central Library   R-041 Central Library Central Library Central Library 25/11/2014 Royal Biblioman 699.00 CS RS 1 209.7 Rupees
02/12/2025 1 1 001.6424 HOP;1 R PU2300 30 (30/06/1905) 12/08/2025 489.30 26/01/2024 PESU Books     Central Library   R-041 Central Library RFID Kiosk Central Library 25/11/2014 Royal Biblioman 699.00 CS RS 1 209.7 Rupees

© For any Suggestions or Query, please contact the library staff @ librarian@pes.edu or Phone: +9180 2672 1983/ 2108.